000 00781nam a2200265Ia 4500
001 3020
003 GE_BSU
008 181216s||||||||xx |||||||||||||| ||und||
020 _a5801800042
040 _cGE_BSU
080 _a330
100 _aБор, М.З.
245 _aОсновы экономических исследований: логика, методология, организация, методика
260 _aМосква
260 _bДИС
260 _c1998
300 _a144 с. 20 см.
541 _h6 л. 25 т.
653 _aлогика
653 _aметодика
653 _aметодология
653 _aорганизация
653 _aОсновы экономических исследований
942 _cBK
999 _c37066
_d37066